| 000 | 00000nam##2200000za#4500 |
| 001 | 9.571671 |
| 003 | CaOODSP |
| 005 | 20211126112845 |
| 007 | cr ||||||||||| |
| 008 | 150406|1997||||xxc|||||o f|0| 0 eng|d |
| 022 | |a1701-9397 |
| 040 | |aCaOODSP|beng |
| 043 | |an-cn--- |
| 086 | 1 |aFB3-2/97-4E-PDF |
| 110 | 2 |aBank of Canada. |
| 245 | 14|aThe liquidity trap : |h[electronic resource]|bevidence from Japan / |cby Isabelle Weberpals. |
| 260 | |aOttawa - Ontario : |bBank of Canada |cFebruary 1997. |
| 300 | |a28p.|bgraphs, tables |
| 490 | 1 |aBank of Canada working paper|x1701-9397|v97-4 |
| 500 | |aThe ISBN (0-662-25434-1) and ISSN (1192-5434) for the print edition have been incorrectly copied in this electronic publication. |
| 504 | |aBibliography. |
| 546 | |aRésumé en français. |
| 590 | |a11-19-Supp|b2011-09-23 |
| 690 | 07|aEconomy|2gcpds |
| 720 | 1 |aWeberpals, Isabelle |
| 776 | 0#|tThe liquidity trap : |w(CaOODSP)9.613625 |
| 830 | #0|aWorking paper (Bank of Canada)|x1701-9397|v97-4|w(CaOODSP)9.504604 |
| 856 | 40|ahttp://publications.gc.ca|qPDF|s163 KB|uhttps://publications.gc.ca/collections/Collection/FB3-2-97-4E.pdf|y97-4 |